=LDR 00000nam 2200000 4500 =001 INLIS000000000810109 =005 20251018110645 =035 ##$$a 0010-1025000092 =007 ta =008 251018###########################0###### =082 ##$$a 297.36 =084 ##$$a 297.36 MAZ m =245 ##$$a Mukhtashar Lathaif al-Ma‘arif /$c Dr. Ahmad bin ‘Utsman al-Mazyad =260 ##$$a Jakarta : :$b Darul Haq, =300 ##$; $c : xii, 320 hlm. ; 21 cm